000 01391nam a2200361 i 4500
001 192820
003 SpMaBN
005 20240315063020.0
008 230529s2017 sp | |||| 000 0 spa
017 _aB 8567-2017
_bOficina Depósito Legal Barcelona
020 _a9788417002657
035 _a(OCoLC)1117435158
040 _aSpMaBN
_bspa
_cSpMaBN
_erdc
_dES-MaACL
080 _a929 Ramón y Cajal, Santiago
080 _a61 Ramón y Cajal, Santiago
080 _a821.134.2-92"19"
100 1 _aRamón y Cajal, Santiago,
_d1852-1934
_9226468
_eaut
245 1 0 _aRamón y Cajal :
_bun Nobel de antología /
_cpresentación y selección de Francisco García Lorenzana
250 _aPrimera edición en esta colección: junio de 2017
260 _aBarcelona :
_bPlataforma Editorial,
_c2017
300 _a171 páginas ;
_c22 cm
336 _aTexto (visual)
_2isbdcontent
337 _asin mediación
_2isbdmedia
500 _aÍndice
500 _aEn cubierta: Pensamientos esenciales sobre ciencia, política y sociedad
600 1 4 _aRamón y Cajal, Santiago,
_d1852-1934
_9226468
655 7 _aAntologías
_2tgfbne
_9176540
700 1 _aGarcía Lorenzana, Francisco,
_d1966-
_ecom
_9226469
852 _aES-MaACL
_bR.151865
_cDEPOJ
_hDonación: Editorial
_jN-8442
_9200122
942 _cMONOGRAFIA
_n0
999 _c192820
_d192820